| 000 | 00633nam a2200205Ii 4500 | ||
|---|---|---|---|
| 003 | JO-AjNU | ||
| 008 | 230605s9999||||xx |||||||||||||| ||und|| | ||
| 040 |
_aJO-AjNU _bara _erda _cJO-AjNU |
||
| 041 | _aara | ||
| 050 | 1 | 4 | _aPN81.A2888 1983 |
| 100 | 3 |
_aأبو مصلح،كمال, _eauthor _99576 |
|
| 245 | 0 | 0 | _aالكامل في النقد الأدبي |
| 250 | _aط 5 | ||
| 264 | 3 | 1 | _aبيروت: المكتبة الحديثة، 1983 |
| 300 | _a223ص | ||
| 336 |
_atext _btxt _2rdacontent |
||
| 337 |
_aunmediated _bn _2rdamedia |
||
| 338 |
_avolume _bnc _2rdacarrier |
||
| 650 | 4 |
_aالأدب العربي - نقد أدبي _99577 |
|
| 999 |
_aA1371 _c4939 _d4939 |
||